The British Empire in the Middle East, 1945-1951 : (Record no. 14340)
[ view plain ]
| 000 -LEADER | |
|---|---|
| fixed length control field | 01246cam a2200301 a 4500 |
| 001 - CONTROL NUMBER | |
| control field | 934310 |
| 005 - DATE AND TIME OF LATEST TRANSACTION | |
| control field | 20000913131506.0 |
| 008 - FIXED-LENGTH DATA ELEMENTS--GENERAL INFORMATION | |
| fixed length control field | 830901s1984 enkaf | 001 0 eng d |
| 010 ## - LIBRARY OF CONGRESS CONTROL NUMBER | |
| LC control number | 83019345 |
| 020 ## - INTERNATIONAL STANDARD BOOK NUMBER | |
| International Standard Book Number | 0198229607 |
| 040 ## - CATALOGING SOURCE | |
| Original cataloging agency | DLC |
| Transcribing agency | DLC |
| Modifying agency | DLC |
| 043 ## - GEOGRAPHIC AREA CODE | |
| Geographic area code | e-uk--- |
| -- | aw----- |
| -- | a-is--- |
| 050 00 - LIBRARY OF CONGRESS CALL NUMBER | |
| Classification number | DS63.2.G7 |
| Item number | L68 1984 |
| 082 00 - DEWEY DECIMAL CLASSIFICATION NUMBER | |
| Classification number | 327.41056 |
| Edition number | 19 |
| Item number | LOU |
| 100 1# - MAIN ENTRY--PERSONAL NAME | |
| Personal name | Louis, William Roger, |
| Dates associated with a name | 1936- |
| 9 (RLIN) | 15720 |
| 245 14 - TITLE STATEMENT | |
| Title | The British Empire in the Middle East, 1945-1951 : |
| Remainder of title | Arab Nationalism, the United States, and Postwar Imperialism / |
| Statement of responsibility, etc | By Wm. Roger Louis. |
| 250 ## - EDITION STATEMENT | |
| Remainder of edition statement | Reprinted 2006. |
| 260 ## - PUBLICATION, DISTRIBUTION, ETC. (IMPRINT) | |
| Place of publication, distribution, etc | Oxford : |
| Name of publisher, distributor, etc | Oxford University Press, |
| Date of publication, distribution, etc | c1984. |
| 300 ## - PHYSICAL DESCRIPTION | |
| Extent | xvii, 803 p. : |
| Other physical details | maps; |
| Dimensions | 25 cm. |
| 504 ## - BIBLIOGRAPHY, ETC. NOTE | |
| Bibliography, etc | Includes bibliographical references and index. |
| 541 ## - IMMEDIATE SOURCE OF ACQUISITION NOTE | |
| Source of acquisition | Bacca ; |
| 651 #0 - SUBJECT ADDED ENTRY--GEOGRAPHIC NAME | |
| Geographic name | Middle East |
| General subdivision | Foreign relations |
| Geographic subdivision | Great Britain. |
| 9 (RLIN) | 15721 |
| 651 #0 - SUBJECT ADDED ENTRY--GEOGRAPHIC NAME | |
| Geographic name | Great Britain |
| General subdivision | Foreign relations |
| Geographic subdivision | Middle East. |
| 9 (RLIN) | 15722 |
| 651 #0 - SUBJECT ADDED ENTRY--GEOGRAPHIC NAME | |
| Geographic name | Great Britain |
| General subdivision | Foreign relations |
| Chronological subdivision | 1945-1964. |
| 9 (RLIN) | 15723 |
| 906 ## - LOCAL DATA ELEMENT F, LDF (RLIN) | |
| a | 7 |
| b | cbc |
| c | orignew |
| d | 1 |
| e | ocip |
| f | 19 |
| g | y-gencatlg |
| 942 ## - ADDED ENTRY ELEMENTS (KOHA) | |
| Source of classification or shelving scheme | Dewey Decimal Classification |
| Item type | |
| Withdrawn status | Item status | Source of classification or shelving scheme | Damaged status | Not for loan | Vendor | Home library | Current library | Shelving location | Date acquired | Source of acquisition | Cost, normal purchase price | Serial Enumeration / chronology | Total Checkouts | Total Renewals | Full call number | Barcode | Date last seen | Date last borrowed | Koha item type |
|---|---|---|---|---|---|---|---|---|---|---|---|---|---|---|---|---|---|---|---|
| Dewey Decimal Classification | Baccah | Central Library | Central Library | First floor | 01/07/2010 | 495.00 | 10484 | 4 | 26 | 327.41056 LOU | 000021375 | 15/07/2025 | 09/09/2019 | Book - Borrowing |